000
00356nam a2200169Ia 4500
003
0STCL
008
150530s9999 xx 000 0 und d
040
_a
STCL
_c
STCL
100
_a
Vallathol Gopalamenon
245
_a
Madhumanjeri
260
_c
0
300
_a
0
546
_a
Malayalam
942
_2
ddc
_c
BK
999
_c
47175
_d
47175
005
20220125170721.0